Matematika az alapiskola 4. osztálya számára 2. rész Munkafüzet

Bibliographic Details
Main Author: Černek, Pavol, 1952- (Author)
Other Authors: Horváth, Géza, 1951- (Translator), Dzurňák, Dávid (Illustrator)
Format: Book
Language:Hungarian
Slovak
PhysicalDescription:88 s. ilustr. 30 cm
Published: Bratislava Slovenské pedagogické nakladateľstvo 2012
ISBN:9788010021932
Edition:1. kiad.
Subjects:

MARC

LEADER 00000cam a2200000 a 4500
001 vtls010426728
003 SK-MaSNL
005 20260301214127.0
008 240314s2012 xo a brp 000 0 hun
015 |a SNBA2012/11-05676 
020 |a 9788010021932  |q (brož.) 
035 |a A5DE5A59-534B-4CF7-A27C-CE78FDCF90F0 
035 |a urn:nbn:sk:snk-amjy25 
035 |a urn:nbn:sk:snk-am007ztb 
040 |a SNK  |b slo  |c SNK  |e AACR2 
041 1 |a hun  |h slo 
044 |a xo  |c SK 
072 7 |a 51  |x Matematika  |2 konspekt 
072 7 |a 37.016  |x Učebné osnovy. Vyučovacie predmety. Učebnice  |2 konspekt 
080 |a 51  |2 2001 
080 |a (075.2)  |2 2001 
080 |a (076.1)  |2 2001 
100 1 |a Černek, Pavol,  |d 1952-  |4 aut  |9 7554 
245 1 0 |a Matematika az alapiskola 4. osztálya számára  |n 2. rész  |p Munkafüzet  |c Pavol Černek ; [fordította: Horváth Géza ; illusztráció: Dávid Dzurňák] 
246 1 1 |a Matematika pre 4. ročník základnej školy s vyučovacím jazykom maďarským 
246 3 0 |a Munkafüzet 
250 |a 1. kiad. 
260 |a Bratislava  |b Slovenské pedagogické nakladateľstvo  |c 2012 
300 |a 88 s.  |b ilustr.  |c 30 cm 
500 |a Tir. aj slov. 
650 0 7 |a matematika  |2 SNKPH  |9 70174 
650 0 7 |a Mathematics  |2 SNKPHeng  |9 265620 
655 7 |a učebnice základných škôl  |2 SNKPH  |9 70187 
655 7 |a pracovné zošity  |2 SNKPH  |9 70188 
655 7 |a Textbooks (elementary)  |2 SNKPHeng  |9 276977 
655 7 |a Activity books  |2 SNKPHeng  |9 302885 
700 1 |a Horváth, Géza,  |d 1951-  |4 trl  |9 88332 
700 1 |a Dzurňák, Dávid  |4 ill  |9 125409 
852 |a Štátna vedecká knižnica v Banskej Bystrici 
919 |a 978-80-10-02193-2 
958 |a HU 
958 |a NM 
958 |a OP 
968 |a Mag  |b SLO  |d 37 
999 |c 923821  |d 925751 
952 |a SNK  |b SNK  |y PREZ  |7 0  |p 17A1031440  |o snkSB 82438/2  |i snk2012/20938  |8 0  |0 0  |1 0  |4 0  |d 2012-10-17  |f 1  |l 0  |r 2025-05-06 00:00:00  |w 2026-02-24 
952 |a SNK  |b SNK  |y VYP  |7 0  |p 17A1031441  |o snkSB 82438/2 D1  |i snk2012/20939  |8 0  |0 0  |1 0  |4 0  |d 2012-10-17  |l 0  |r 2016-06-30 00:00:00  |w 2026-02-24